000 00558nam a2200169Ia 4500
999 _c36050
_d36050
003 OSt
005 20210122100305.0
008 190216s9999||||xx |||||||||||||| ||und||
040 _coclc
082 _a330.91724
_bFIS/P
100 1 _aFischer, Stanley
_9733
245 0 _aProceedings Of The World Bank Annual Conference On Development Economics 1989 /
_cStanley Fischer
260 _bThe World Bank ,
_c1990.
_aWashington:
300 _a290p
650 _aDeveloping Economics
942 _cREF
_2ddc
_h330.91724
_iFIS/P
_k330.91724
_mFIS/P